000
00291nam a2200109 a 4500
005
20200930074457.0
008
111105s2009 000 spa d
020
_a
9786077842019
245
3
_a
El lado oscuro de la cooperación internacional :.
260
_a
México,
_c
2009.
999
_c
35108
_d
35108
040
_a
DO-SdBNP